[Event "Vojvodina-ch 7th"]
[Site "Novi Sad"]
[Date "2016.07.18"]
[Round "6"]
[White "Dronjic, Sinisa"]
[Black "Minko, Vladimir"]
[Result "0-1"]
[WhiteElo "2194"]
[BlackElo "2379"]
[PlyCount "44"]
[EventDate "2016.07.15"]
[EventType "swiss"]
[EventRounds "9"]
[EventCountry "YUG"]
[SourceTitle "CBM 173 Extra"]
[Source "ChessBase"]
[SourceDate "2016.08.29"]
[SourceVersion "1"]
[SourceVersionDate "2016.08.29"]
[SourceQuality "1"]

1. c4 c5 2. Nc3 Nc6 3. Nf3 e5 4. g3 g6 5. Bg2 Bg7 6. 0-0 Nge7 7. Ne1 d6 8. Nc2 0-0 9. Ne3 Be6 10. d3 Qd7 11. Ned5 Bh3 12. Qa4 Bxg2 13. Nxe7+ Qxe7 14. Kxg2 f5 15. Nd5 Qd7 16. Bd2 Rae8 17. e4 g5 18. Bc3 g4 19. Rae1 f4 20. f3 fxg3 21. hxg3 gxf3+ 22. Kf2 Qh3 0-1

[Event "Vojvodina-ch 7th"]
[Site "Novi Sad"]
[Date "2016.07.16"]
[Round "3"]
[White "Fang, Yuxiang"]
[Black "Dronjic, Sinisa"]
[Result "1-0"]
[WhiteElo "2494"]
[BlackElo "2194"]
[PlyCount "79"]
[EventDate "2016.07.15"]
[EventType "swiss"]
[EventRounds "9"]
[EventCountry "YUG"]
[SourceTitle "CBM 173 Extra"]
[Source "ChessBase"]
[SourceDate "2016.08.29"]
[SourceVersion "1"]
[SourceVersionDate "2016.08.29"]
[SourceQuality "1"]

1. Nf3 c5 2. c4 Nf6 3. Nc3 e6 4. g3 d5 5. cxd5 exd5 6. d4 Nc6 7. Bg2 Be7 8. 0-0 0-0 9. dxc5 Bxc5 10. Na4 Be7 11. Be3 Ne4 12. Rc1 Re8 13. Nd4 Bd7 14. Nb3 Bf5 15. Nac5 Nxc5 16. Nxc5 Bxc5 17. Rxc5 Be4 18. Bxe4 dxe4 19. Rd5 Qc8 20. Qb3 Ne5 21. Kg2 Nc4 22. Bf4 Qc6 23. Qb5 Rad8 24. Qxc6 bxc6 25. Rxd8 Rxd8 26. b3 Nb6 27. Rc1 Rc8 28. Rc5 Nd5 29. Bd6 f6 30. Ra5 Rd8 31. Bc5 Nc3 32. Rxa7 Rd2 33. a4 Rxe2 34. a5 Rc2 35. a6 Nd5 36. Ra8+ Kf7 37. Rf8+ Kg6 38. a7 Nc7 39. b4 Ra2 40. Rc8 1-0

[Event "Vojvodina-ch 5th"]
[Site "Novi Sad"]
[Date "2014.07.17"]
[Round "8"]
[White "Dronjic, Sinisa"]
[Black "Draskovic, Luka"]
[Result "1/2-1/2"]
[WhiteElo "2178"]
[BlackElo "2340"]
[PlyCount "31"]
[EventDate "2014.07.12"]
[EventType "swiss"]
[EventRounds "9"]
[EventCountry "YUG"]
[SourceTitle "CBM 161 Extra"]
[Source "ChessBase"]
[SourceDate "2014.08.29"]
[SourceVersion "1"]
[SourceVersionDate "2014.08.29"]
[SourceQuality "1"]

1. Nf3 Nf6 2. c4 e6 3. g3 b6 4. Bg2 Bb7 5. 0-0 c5 6. Nc3 a6 7. d4 cxd4 8. Nxd4 Bxg2 9. Kxg2 Qc7 10. Qd3 Qb7+ 11. e4 d6 12. b3 Nbd7 13. f3 Be7 14. Bb2 0-0 15. Rad1 Rac8 16. Rd2 1/2-1/2

[Event "Vojvodina-ch 5th"]
[Site "Novi Sad"]
[Date "2014.07.13"]
[Round "3"]
[White "Dronjic, Sinisa"]
[Black "Nestorovic, Nikola"]
[Result "0-1"]
[WhiteElo "2178"]
[BlackElo "2439"]
[PlyCount "78"]
[EventDate "2014.07.12"]
[EventType "swiss"]
[EventRounds "9"]
[EventCountry "YUG"]
[SourceTitle "CBM 161 Extra"]
[Source "ChessBase"]
[SourceDate "2014.08.29"]
[SourceVersion "1"]
[SourceVersionDate "2014.08.29"]
[SourceQuality "1"]

1. Nf3 Nf6 2. c4 c5 3. Nc3 b6 4. g3 Bb7 5. Bg2 e6 6. 0-0 Be7 7. d4 cxd4 8. Nxd4 Bxg2 9. Kxg2 Qc8 10. Qd3 Nc6 11. Nxc6 Qxc6+ 12. Qf3 Qxf3+ 13. Kxf3 Rc8 14. b3 d5 15. Nb5 a6 16. Na3 Ne4 17. cxd5 exd5 18. Nc4 Nxg3 19. hxg3 dxc4 20. bxc4 Rxc4 21. Be3 b5 22. Rac1 Rxc1 23. Rxc1 Kd7 24. Ke4 h5 25. Bd4 Re8 26. Kd5 g6 27. Rc6 Ra8 28. Be5 b4 29. Rc7+ Ke8 30. Kc6 a5 31. Bd4 g5 32. Kb7 Rd8 33. Rc4 h4 34. gxh4 gxh4 35. Bb6 Rd5 36. Kc6 Rh5 37. Bc7 a4 38. a3 Rc5+ 39. Rxc5 Bxc5 0-1

[Event "Vojvodina-ch 4th"]
[Site "Novi Sad"]
[Date "2013.07.03"]
[Round "8"]
[White "Cvetkovic, Srdjan"]
[Black "Dronjic, Sinisa"]
[Result "1/2-1/2"]
[WhiteElo "2387"]
[BlackElo "2190"]
[PlyCount "50"]
[EventDate "2013.06.28"]
[EventType "swiss"]
[EventRounds "9"]
[EventCountry "SRB"]
[SourceTitle "CBM 155 Extra"]
[Source "ChessBase"]
[SourceDate "2013.08.26"]
[SourceVersion "1"]
[SourceVersionDate "2013.08.26"]
[SourceQuality "1"]

1. c4 c5 2. Nf3 Nc6 3. d4 cxd4 4. Nxd4 Nf6 5. Nc3 e6 6. a3 Nxd4 7. Qxd4 b6 8. e4 Bc5 9. Qd1 Bb7 10. Bd3 d5 11. cxd5 exd5 12. Bb5+ Kf8 13. exd5 Nxd5 14. Nxd5 Qxd5 15. Qxd5 Bxd5 16. 0-0 Bb3 17. Re1 f6 18. Be3 Bd6 19. Rac1 Kf7 20. Bc4+ Bxc4 21. Rxc4 Rac8 22. Rec1 Rxc4 23. Rxc4 Rd8 24. g3 Be5 25. a4 Rd7 1/2-1/2

[Event "Vojvodina-ch 2nd"]
[Site "Novi Sad"]
[Date "2011.07.24"]
[Round "2"]
[White "Dronjic, Sinisa"]
[Black "Radlovacki, Jovan"]
[Result "0-1"]
[WhiteElo "2173"]
[BlackElo "2416"]
[PlyCount "48"]
[EventDate "2011.07.24"]
[EventType "swiss"]
[EventRounds "9"]
[EventCountry "SRB"]
[SourceTitle "CBM 143 Extra"]
[Source "ChessBase"]
[SourceDate "2011.08.29"]
[SourceVersion "1"]
[SourceVersionDate "2011.08.29"]
[SourceQuality "1"]

1. d4 Nf6 2. c4 d6 3. Nc3 Nbd7 4. Nf3 e5 5. Bg5 h6 6. Bh4 Be7 7. Bg3 Nh5 8. e3 Nxg3 9. hxg3 c6 10. Qc2 exd4 11. Nxd4 g6 12. Be2 a6 13. a4 a5 14. Rd1 Nc5 15. Ne4 Qb6 16. Kf1 Bd7 17. Nxc5 dxc5 18. Nf3 Bf6 19. Qe4+ Be6 20. g4 Rd8 21. g5 Rxd1+ 22. Bxd1 hxg5 23. Rxh8+ Bxh8 24. Nxg5 Qd8 0-1